Értékválságtól az értékteremtésig. Beszélgetés Horváth Andor művelődésügyi államtitkárral
Elmentve itt :
| Szerző: | |
|---|---|
| Adatforrás: | Meister |
| Forrásdokumentuma: | A Hét. - 8 ; 9 sz., 1992, 3 ;3 p. |
| Nyelv: | magyar |
| Kulcsszavak: | művelődéspolitika-interjú kultúra & politika kisebbségi kultúra rendszerváltás Románia, 1989 kultúra politika HORVÁTH Andor PLESU Andrei |
| LEADER | 00671nab a2200217 i 4500 | ||
|---|---|---|---|
| 001 | bibPRO00005222 | ||
| 008 | 060524s1992 xx hun | ||
| 040 | |a Sz1 | ||
| 041 | |a hun | ||
| 100 | 2 | |a IVANOV-CRETU Anca | |
| 245 | 1 | 0 | |a Értékválságtól az értékteremtésig. Beszélgetés Horváth Andor művelődésügyi államtitkárral |c IVANOV-CRETU Anca |
| 695 | |a művelődéspolitika-interjú | ||
| 695 | |a kultúra & politika | ||
| 695 | |a kisebbségi kultúra | ||
| 695 | |a rendszerváltás | ||
| 695 | |a Románia, 1989 | ||
| 695 | |a kultúra | ||
| 695 | |a politika | ||
| 695 | |a HORVÁTH Andor | ||
| 695 | |a PLESU Andrei | ||
| 773 | 0 | |t A Hét. - |g 8 ; 9 sz., 1992, 3 ;3 p. | |